000 00677nam a2200169 a 4500
008 120222c20049999||||||||||||||||| || u
050 _aCD/TJ 211 Hol
100 _aHolland, John
245 1 0 _aDesigning autonomous mobile robots:inside the mind of an intelligent machine. [electronic resource]
_h[cd-rom]
260 _aOxford:
_bElsevier
_c2004.
300 _a4 3/4 in.
350 _a0.00
500 _aThe CD-ROM is accompanied with a textbook available in the main collection.
650 _aENGINEERING
650 _aROBOTS
995 _D0.00
_FCBU-MAIN LIBRARY (Kitwe)
_H1
_I0.00
_M1
_UAVAILABLE
_WFeb 22, 2012
_Ze-Media Collection
999 _c39784
_d39784